LEADER 00690nam0-22002651i-450- 001 990006384850403321 005 20070829123834.0 035 $a000638485 035 $aFED01000638485 035 $a(Aleph)000638485FED01 035 $a000638485 100 $a20000112d1994----km-y0itay50------ba 101 0 $ager 105 $a----m---00-yy 200 1 $a<>Bankkredit$fDaniel Baumann 210 $aZurich$cSchulthess pol.$d1994 676 $a332.72 700 1$aBaumann,$bDaniel$0239955 801 0$aIT$bUNINA$gRICA$2UNIMARC 901 $aBK 912 $a990006384850403321 952 $aDISSERT. A 1508$b35203*$fFGBC 959 $aFGBC 996 $aBankkredit$9659249 997 $aUNINA LEADER 01273nam0-22004331i-450 001 990001712490403321 005 20250108173511.0 010 $a88-85019-19-6 035 $a0001712490. 035 $aFED01000171249 035 $a(Aleph)000171249FED01 100 $a20030910d1982----km-y0itay50------ba 101 0 $aita 102 $aIT 200 1 $aAnatomia funzionale degli uccelli domestici$fVirgilio Botte, Gaetano V. Pelagalli 210 $aMilano$cEd. Ermes$d1982 215 $aXV, 385 p.$d27 cm 610 0 $aAnatomia veterinaria 610 0 $aUccelli 676 $a636.089 1 700 1$aBotte,$bVirgilio$066939 701 1$aPelagalli,$bGaetano V.$f$0354686 801 0$aIT$bUNINA$gRICA$2UNIMARC 901 $aBK 912 $a990001712490403321 952 $aIIIc C 205$b7342$fDMVSF 952 $aIIIc C 205 bis$b11104$fDMVSF 952 $a636.0891 PEL$b595$fFMVBC 952 $a60 636.089 BOTV 1982$b48503$fFAGBC 952 $a60 636.089 BOTV 1982 BIS$b48504$fFAGBC 952 $aF V 21/o$b2759$fDMVCM 952 $a591.4-3$binv.$fDMVBF 959 $aFAGBC 959 $aFMVBC 959 $aDMVSF 959 $aDMVCM 959 $aDMVBF 996 $aAnatomia funzionale degli uccelli domestici$9359699 997 $aUNINA